Statistics for Downton Abbey characters

Click here to take the quiz!

General Stats

  • This quiz has been taken 102 times
  • The average score is 46 of 67

Answer Stats

HintAnswer% Correct
5Middle daughterEdith Crawley (Pelham)
100%
4Eldest daughterMary Crawley (Talbot)
100%
3Countess of GranthamCora Crawley
99%
2Count of GranthamRobert Crawley
99%
6Youngest daughterSybil Crawley (Branson)
99%
7Heir, 4's husbandMatthew Crawley
98%
9Former chauffeur, 6's husbandTom Branson
98%
15butlerCharles Carson
96%
1
Dowager countess of GranthamViolet Crawley
96%
19Mary's maidAnna Smith (Bates)
95%
21assistant cookDaisy Robinson (Mason)
95%
16housekeeperElsie Hughes
94%
17Lord Grantham's valetJohn Bates
94%
87's motherIsobel Crawley
93%
20CookBeryl Patmore
91%
13Lord Grantham's sisterRosamund Painswick
89%
23valet, husband to 21William Mason
89%
11Son of 4 and 7George Crawley
86%
125's daughterMarigold Gregson
86%
39Rosamund's maidMarigold Shore
86%
22valetThomas Barrow
86%
18Lady Grantham's maidSarah O'brien
83%
4443's fatherHugh MacClare
80%
47DoctorRichard Clarkson
80%
24maid, secretaryGwen Dawson
79%
66Mary's husband in season 6Henry Talbot
79%
57Mary's fianceRichard Carlisle
76%
51Mary's godfather, Isobel's husband in season 6Richard Grey (Lord Merton)
76%
10Daughter of 6 and 9Sybbie Branson Crawley
76%
31valet, nephew to 18Alfred Nugent
74%
52Father of Edith's daughterMichael Gregson
74%
48Would-be husband to EdithAnthony Strallan
73%
56Matthew's fianceeLavinia Swire
73%
53Died in Mary's bedroomKemal Pamuk
71%
25maidEthel Parks
70%
35valet, teacherJoseph Molesley
70%
55Bates' ex-wife (first name)Vera
70%
64Rose's husbandAtticus Aldridge
66%
65Edith's husband in season 6Bertie Pelham
66%
30kitchen maidIvy Stuart
65%
42Lord Gillingham's valet (last name)Mr Green
64%
32valetJames Jimmy Kent
63%
33Cora's maidPhyllis Baxter
63%
43Crawley's cousinRose MacClare (Aldridge)
63%
38Violet's maidGladys Denker
60%
37Violet's butlerSeptimus Spratt
59%
49Suitor to MaryAnthony Tony Foyle (Lord Gillingham)
58%
14Lady Grantham's motherMartha Levinson
56%
58Lord Merton's eldest sonLarry Grey
50%
36Isobel and Matthew's cook (last name)Mrs Bird
49%
50Suitor to MaryCharles Blake
46%
54Suitor to MaryEvelyn Napier
45%
4543's motherSusan MacClare
45%
34valet (first name)Andy
44%
28maidEdna Braithwaite
44%
59Tom's brotherKieran Branson
44%
29nanny (last name)West
44%
61teacherSarah Bunting
43%
62farmer, adoptive father to Edith's daughterTim Drewe
41%
46LawyerGeorge Murray
38%
67Died when his car burnsCharlie Rogers
36%
60musicianJack Ross
36%
63above's wifeMargie Drewe
36%
26maid Jane Moorsum
34%
27Robert's valet during WW1Henry Lang
33%
40Rosamund's butler (last name)Mead
20%
4114's maid (last name)Mrs Reed
14%

Score Distribution

Percentile by Number Answered

Percent of People with Each Score

Your Score History

You have not taken this quiz